|
|
|
|
| LEADER |
02490nam a2200613 i 4500 |
| 001 |
nkc20203243384 |
| 003 |
CZ PrNK |
| 005 |
20230403140821.0 |
| 007 |
ta |
| 008 |
200824s2020 xr f 001 0 cze |
| 015 |
|
|
|a cnb003243384
|
| 020 |
|
|
|a 978-80-7286-342-6
|q (vázáno)
|
| 035 |
|
|
|a (OCoLC)1230105516
|
| 040 |
|
|
|a ABA001
|b cze
|d OLA001
|e rda
|
| 041 |
0 |
|
|a cze
|b cze
|b eng
|
| 043 |
|
|
|a e-xr---
|
| 072 |
|
7 |
|a 930
|x Historická věda. Pomocné vědy historické. Archivnictví
|2 Konspekt
|9 8
|
| 080 |
|
|
|a 929.731
|2 MRF
|
| 080 |
|
|
|a 316.3:929.7
|2 MRF
|
| 080 |
|
|
|a 94"04/14"
|2 MRF
|
| 080 |
|
|
|a 930
|2 MRF
|
| 080 |
|
|
|a 930.2:001.891
|2 MRF
|
| 080 |
|
|
|a (437.3)
|2 MRF
|
| 080 |
|
|
|a (048.8)
|2 MRF
|
| 100 |
1 |
|
|a Dvořáčková-Malá, Dana,
|d 1972-
|7 mzk2007390321
|4 aut
|
| 245 |
1 |
0 |
|a Dvůr jako téma :
|b výzkum panovnické společnosti v českém středověku - historiografie, koncepty, úvahy /
|c Dana Dvořáčková-Malá
|
| 264 |
|
1 |
|a Praha :
|b Historický ústav,
|c 2020
|
| 300 |
|
|
|a 357 stran ;
|c 22 cm
|
| 336 |
|
|
|a text
|b txt
|2 rdacontent
|
| 337 |
|
|
|a bez média
|b n
|2 rdamedia
|
| 338 |
|
|
|a svazek
|b nc
|2 rdacarrier
|
| 490 |
1 |
|
|a Práce Historického ústavu AV ČR, v.v.i.. Řada A, Monographia =
|a Opera Instituti Historici Pragae. Series A, Monographia
|v svazek 90
|
| 504 |
|
|
|a Obsahuje bibliografii, bibliografické odkazy a rejstřík
|
| 546 |
|
|
|a České a anglické resumé
|
| 650 |
0 |
7 |
|a panovnické dvory
|7 ph123931
|z Česko
|2 czenas
|
| 650 |
0 |
7 |
|a dvorská společnost
|7 ph521120
|z Česko
|2 czenas
|
| 650 |
0 |
7 |
|a středověk
|7 ph126223
|z Česko
|2 czenas
|
| 650 |
0 |
7 |
|a historiografie
|7 ph114672
|z Česko
|2 czenas
|
| 650 |
0 |
7 |
|a historický výzkum
|7 ph920023
|z Česko
|2 czenas
|
| 650 |
0 |
9 |
|a courts and courtiers
|z Czechia
|2 eczenas
|
| 650 |
0 |
9 |
|a courtly society
|z Czechia
|2 eczenas
|
| 650 |
0 |
9 |
|a middle ages
|z Czechia
|2 eczenas
|
| 650 |
0 |
9 |
|a historiography
|z Czechia
|2 eczenas
|
| 650 |
0 |
9 |
|a historical research
|z Czechia
|2 eczenas
|
| 655 |
|
7 |
|a monografie
|7 fd132842
|2 czenas
|
| 655 |
|
9 |
|a monographs
|2 eczenas
|
| 810 |
2 |
|
|a Historický ústav (Akademie věd ČR).
|t Práce.
|p Monographia
|0 s
|
| 910 |
2 |
|
|a BOA001
|b 2-1453.754
|
| 928 |
9 |
|
|a Akademie věd České republiky, Historický ústav
|
| 990 |
|
|
|a BK
|
| 995 |
|
|
|a 01
|
| 991 |
|
|
|b 202012
|c NOV
|
| 996 |
6 |
|
|b 2610842975
|c 2-1453.754
|l MZK
|r Sklad / do 1 hodiny
|n 3
|p p.v.
|w 001832512
|u 000010
|a 1
|e BOA001
|j MZK50
|s P
|
| 996 |
7 |
|
|b 2610847858
|c 2-1453.754
|l MZK
|r Sklad / do 1 hodiny
|n 9
|p kup
|w 001832512
|u 000020
|a 1
|e BOA001
|j MZK50
|s A
|